|
|
|
|
| LEADER |
00000nam2a2200000 4500 |
| 001 |
359197 |
| 005 |
20231101042652.0 |
| 035 |
|
|
|a (RuTPU)RU\TPU\retro\16469
|
| 035 |
|
|
|a RU\TPU\retro\16460
|
| 090 |
|
|
|a 359197
|
| 100 |
|
|
|a 20200925d1978 m y0rusy50 ca
|
| 101 |
1 |
|
|a rus
|c bul
|
| 102 |
|
|
|a RU
|
| 105 |
|
|
|a a z 000ay
|
| 200 |
0 |
|
|a Т. 3 : Табак
|e роман в двух частях
|
| 210 |
|
|
|d 1978
|
| 215 |
|
|
|a 399 с.
|c портр., фот.
|
| 330 |
|
|
|a Роман "Табак" (второй и третий тома), неоднократно издававшийся на русском языке, вошел в золотой фонд современной болгарской прозы. Глубоко социальное эпическое произведение представляет панораму общественной жизни в Болгарии на протяжении пятнадцати лет - с начала 30-х годов до конца второй мировой войны. С большим мастерством изображая судьбы людей, так или иначе связанных с табачной фирмой "Никотиана", автор раскрывает неумолимый процесс деградации буржуазного общества, показывает историческую неизбежность гибели буржуазии, рост революционных сил в стране.
|
| 461 |
|
1 |
|0 (RuTPU)RU\TPU\retro\16458
|t Собрание сочинений
|o в 4 т.
|o пер. с болг.
|f Д. Димов
|v Т. 3 : Табак
|d 1977-1978
|
| 610 |
1 |
|
|a болгарская литература
|
| 610 |
1 |
|
|a романы
|
| 675 |
|
|
|a 89д-1
|v 4
|
| 801 |
|
1 |
|a RU
|b 63413507
|c 20200924
|
| 801 |
|
2 |
|a RU
|b 63413507
|c 20201207
|g RCR
|
| 942 |
|
|
|c BK
|